000 01713cam a22004337a 4500
003 CHAP
005 20220329142807.0
008 031023s2003 mx r 00010 spa d
010 _a87840
011 _a88812
035 _a99357
040 _cCHAP
090 _aTesis
100 0 0 _aCruz Avila, Rocío Marcela.
_929296
245 1 0 _aManual de procedimientos para el establecimiento de una administración formal . caso :
_bmateriales para construcción S.A. de C.V.
_c/por Rocío Marcela Cruz Avila y Angel Burgos Barreto
260 _aChapingo, Méx. :
_bEl autor,
_c2001.
300 _a115 h. ;
_bcuadros
502 _aTesis (Lic. en Administración de Empresas Agropecuarias) -- UACH. Division de Ciencias Económico Administrativas
530 _aTambién disponible en línea
590 _aALEPH
_b10
_c20130110
_lUCH01
_h1456
590 _aBATCH-UPD
_b10
_c20130110
_lUCH01
_h0359
590 _aBATCH-UPD
_b10
_c20130410
_lUCH01
_h0032
590 _aBATCH-UPD
_b10
_c20130913
_lUCH01
_h1948
590 _aBATCH-UPD
_b10
_c20140324
_lUCH01
_h1441
590 _aBATCH-UPD
_b10
_c20141002
_lUCH01
_h0820
590 _aBATCH
_b00
_c20181121
_lUCH01
_h0759
590 _aCONVERSION
_b10
_c20130109
_lUCH01
_h1349
650 1 4 _aAdministración de empresas.
_9922
650 1 4 _aConstrucción
_xMateriales de.
_927387
650 1 4 _aManuales de procedimientos.
_970675
700 0 _aBurgos Barreto, Angel.
_916166
856 _3Finding aid
_uhttp://10.13.5.2/tesis/99357.pdf
_zTeclea aqui
856 _a1
_n0001059
901 _aBK
905 _aAlejandra Carrasco M.
942 _cFOLL
949 _aTesis
_bBC
_cTES
_d33724000891487
_eTS2
_fc.2
_h41539
_i99357
_sb
949 _aTesis
_bBC
_cTES
_d993571
_eTS1
_h41538
_i99357
_sb
999 _c87840
_d87840